The jungle book / (Record no. 49537)
| 000 -LEADER | |
|---|---|
| fixed length control field | 00278nam a2200109 4500 |
| 020 ## - INTERNATIONAL STANDARD BOOK NUMBER | |
| International Standard Book Number | 9781774022290 |
| 100 ## - MAIN ENTRY--PERSONAL NAME | |
| Personal name | Kipling, Rudyard |
| 245 ## - TITLE STATEMENT | |
| Title | The jungle book / |
| Statement of responsibility, etc | Rudyard Kipling |
| 260 ## - PUBLICATION, DISTRIBUTION, ETC. (IMPRINT) | |
| Place of publication, distribution, etc | China |
| Name of publisher, distributor, etc | Paper Mill Press |
| Date of publication, distribution, etc | 2022 |
| 300 ## - PHYSICAL DESCRIPTION | |
| Extent | 185 p. |
| Other physical details | ill. |
| Dimensions | 21 cm. |
| 942 ## - ADDED ENTRY ELEMENTS (KOHA) | |
| Source of classification or shelving scheme | |
| Koha item type | Book |
| Withdrawn status | Lost status | Source of classification or shelving scheme | Damaged status | Not for loan | Home library | Current library | Shelving location | Date acquired | Total Checkouts | Full call number | Barcode | Date last seen | Date checked out | Price effective from | Koha item type |
|---|---|---|---|---|---|---|---|---|---|---|---|---|---|---|---|
| Asian Hope Primary Library | Asian Hope Primary Library | Junior Fiction | 09/09/2025 | 1 | J FIC KIP | 208141 | 02/11/2026 | 02/04/2026 | 09/09/2025 | Book |